000 00789nam0a22002531 4500
001 rc\3709399
005 20260406073816.0
021 _aRU
_b[73-87515]
035 _a(NLR Aleph) 007857227
090 _a7792708
_c7792708
100 _a20130115d1973 |||y0rusy50 ca
101 0 _arus
102 _aRU
105 _aa z |||||
200 1 _aУровни языкового абстрагирования
210 _aКиев
_cИзд-во Киев. ун-та
_d1973
215 _a210 с.
_cчерт.
_d22
606 _aЯзыкознание
_2psbo
700 1 _7ca
_8rus
_aКошевая
_bИ. Г.
_f1931-2018
_gИнна Георгиевна
_3RU\NLR\AUTH\770139116
_9139081
801 0 _aRU
_bNLR
_gpsbo
801 1 _aRU
_bELAR
_2rusmarc
852 _aNLR
_j73-5/5048
942 _cBOOK
980 _aNB